000 00245nam a22001097a 4500
082 _a954.912 SPA'P
100 _aSPAIN, JAMES W
_946782
245 _aTHE PATHAN BORDERLAND
260 _aHAZUE
_bMOUTHON & CO
_c1963
300 _a293P
942 _cBK
999 _c584420
_d584420